Central Library OPAC University of Rajshahi

خرابات خرابات /Kharābāt / (Record no. 86479)

MARC details
000 -LEADER
fixed length control field 00640nam a22002057a 4500
001 - CONTROL NUMBER
control field 86479
003 - CONTROL NUMBER IDENTIFIER
rucl marc code BD-RjUL
005 - DATE AND TIME OF LATEST TRANSACTION
control field 20260514121849.0
008 - FIXED-LENGTH DATA ELEMENTS--GENERAL INFORMATION
fixed length control field 260514s1959 pk ||||| |||| 00| 0 urd d
035 ## - SYSTEM CONTROL NUMBER
System control number (BD-RjUL)86479
040 ## - CATALOGING SOURCE
Original cataloging agency BD-RjUL
Language of cataloging eng
Transcribing agency BD-RjUL
041 ## - LANGUAGE CODE
Language code of text/sound track or separate title urd
082 ## - DEWEY DECIMAL CLASSIFICATION NUMBER
Edition number 23
Classification number 891.43915
Author mark and year ADK 1959
100 ## - MAIN ENTRY--PERSONAL NAME
Personal name عدم، عبدالحمید, Adam, Abd-al-Ḥamīd
9 (RLIN) 18484
245 10 - TITLE STATEMENT
Title خرابات خرابات /Kharābāt /
Statement of responsibility, etc. عبدلحمید عدم, Adam (Author) / ʿAbd-al-Ḥamīd ʿAdam
264 ## - PRODUCTION, PUBLICATION, DISTRIBUTION, MANUFACTURE, AND COPYRIGHT NOTICE
Place of production, publication, distribution, manufacture Lahor :
Name of producer, publisher, distributor, manufacturer Naya adarat ,
Date of production, publication, distribution, manufacture, or copyright notice 1959
300 ## - PHYSICAL DESCRIPTION
Pagination 172 , p.
Size 22 cm
650 ## - SUBJECT ADDED ENTRY--TOPICAL TERM
Topical term or geographic name as entry element urdu poetry
9 (RLIN) 18353
942 ## - ADDED ENTRY ELEMENTS (KOHA)
Source of classification or shelving scheme Dewey Decimal Classification
Koha item type Books
Holdings
Lost status Source of classification or shelving scheme Damaged status Not for loan Collection code Permanent Location Current Location Shelving location Date acquired Source of acquisition Cost, normal purchase price Total Checkouts Full call number Date last seen Copy number Koha item type
  Dewey Decimal Classification   Not For Loan Rare Books Central Library, University of Rajshahi Central Library, University of Rajshahi Reading Room 17/05/1967 Sh. Mubarak Ali 6.00   U 891.43915 ADK 1959 14/05/2026 C-1 Books